|
003 -Nazwa inst., której nr kontr. jest w polu 001 [,]
|
-
- @
- Nazwa instytucji, której n kontrolny jest w polu 001
- NUKAT
|
|
005 -DATA I CZAS OSTATNIEJ MODYFIKACJI [,]
|
-
- @
- pole kontrolne
- 20241231115127.0
|
|
020 -Międzynarod. znormalizowany nr książki - ISBN [ , ]
|
-
- a
- Numer ISBN
- 9788379863815
|
|
040 -Instytucja sporządzająca opis [ , ]
|
-
- a
- Instytucja, która sporządziła opis (NP)
- KR 197/JM
-
- b
- Język katalogowania
- pol
-
- e
- Zasady katalogowania
- rda
-
- c
- Instytucja, która sporządziła rekord (NP)
- KR 197/JMs
-
- d
- Instytucja, która zmodyfikowała rekord (P)
- KR 197/JM
-
- d
- Instytucja, która zmodyfikowała rekord (P)
- WR U/md
-
- d
- Instytucja, która zmodyfikowała rekord (P)
- WA 51/GDs
-
- d
- Instytucja, która zmodyfikowała rekord (P)
- KR 048/PK
-
- d
- Instytucja, która zmodyfikowała rekord (P)
- WA 14/KS
-
- d
- Instytucja, która zmodyfikowała rekord (P)
- KR 93/ABs
|
|
942 -Rodzaj dokumentu [ , ]
|
-
- c
- Rodzaj dokumentu
- Książka
|
|
300 -Strefa opisu fizycznego [ , ]
|
-
- a
- Określenie formy książki i/lub objętość (NP)
- 608 stron, [1] karta map :
-
- b
- Oznaczenie ilustracji (NP)
- ilustracje ;
-
-
- e
- Oznaczenie dokumentu towarzyszącego (NP)
- pendrive.
|
|
336 -Typ zawartości [ , ]
|
-
- a
- Termin opisujący typ zawartości
- Tekst
-
- b
- Kod określający zawartość
- txt
-
- 2
- Źródło (terminu i kodu)
- rdacontent
|
|
337 -Typ mediów [ , ]
|
-
- a
- Tryb odtwarzania
- Bez urządzenia pośredniczącego
-
-
- 2
- Źródło (terminu i kodu)
- rdamedia
|
|
338 -Typ/rodzaj nośnika [ , ]
|
-
- a
- Hasło opisujące typ nośnika
- Wolumin
-
-
- 2
- Źródło (terminu i kodu)
- rdacarrier
|
|
380 -Deskryptor - Forma dzieła (P) [ , ]
|
-
- a
- forma dzieła (NP)
- Książki
|
|
380 -Deskryptor - Forma dzieła (P) [ , ]
|
-
- a
- forma dzieła (NP)
- Publikacje naukowe
|
|
388 -Deskryptor - czas powstania dzieła (P) [1, ]
|
-
- a
- Czas powstania dzieła (NP)
- 2001-
|
|
500 -Uwaga ogólna [ , ]
|
-
- a
- Uwaga ogólna (NP)
- Druk dwuszpaltowy.
|
|
500 -Uwaga ogólna [ , ]
|
-
- a
- Uwaga ogólna (NP)
- Fotografie, mapy, tabele.
|
|
504 -Uwaga dot. bibliogr. załącznikowej [ , ]
|
-
- a
- Uwaga dot. bibliografii załącznikowej
- Bibliografia na stronach 599-608.
|
|
530 -Uwaga dot. innej postaci fizycznej dokumentu [ , ]
|
-
- a
- Uwaga dot. innej postaci fizycznej dokumentu
- Dokument towarzyszący: Regionalna geografia fizyczna Polski : tabele z charakterystykami mezoregionów, zbiorcza charakterystyka regionów, mapa mezoregionów (warstwy GIS), objaśnienia. Tytuł z etykiety na pendrive.
|
|
536 -Uwaga dot. finansowania książki [ , ]
|
-
- a
- Tekst uwagi
- Wydanie publikacji sfinansowano ze środków Narodowego Funduszu Ochrony Środowiska i Gospodarki Wodnej.
|
|
650 -Hasło przedmiotowe [ ,7]
|
-
- a
- Hasło przedmiotowe
- Regiony
-
- z
- Określnik geograficzny
- Polska
-
- v
- Określnik formalny
- podręczniki akademickie.
-
-
|
|
650 -Hasło przedmiotowe [ ,7]
|
-
- a
- Hasło przedmiotowe
- Geografia fizyczna
-
-
|
|
650 -Hasło przedmiotowe [ ,7]
|
-
- a
- Hasło przedmiotowe
- Geografia regionalna
-
-
|
|
650 -Hasło przedmiotowe [ ,7]
|
-
- a
- Hasło przedmiotowe
- Geografia regionalna
-
- z
- Określnik geograficzny
- Polska
-
- v
- Określnik formalny
- podręczniki akademickie.
-
-
|
|
650 -Hasło przedmiotowe [ ,7]
|
-
- a
- Hasło przedmiotowe
- Geografia fizyczna
-
- z
- Określnik geograficzny
- Polska
-
- v
- Określnik formalny
- podręczniki akademickie.
-
-
|
|
651 -Hasło przedmiotowe w formie nazwy geograficznej [ ,7]
|
-
- a
- Nazwa geograficzna
- Polska
-
-
|
|
655 -Hasło w funkcji tematu formalnego [ ,7]
|
-
-
-
|
|
655 -Hasło w funkcji tematu formalnego [ ,7]
|
-
-
-
|
|
658 -Ujęcie treści [ , ]
|
-
- a
- dziedzina nauki i sztuki/ sfera aktywności życiowej
- Geografia i nauki o Ziemi
|
|
700 -Hasło dodatkowe - nazwa osobowa [1, ]
|
-
- a
- Nazwa osobowa (NP)
- Richling, Andrzej
-
- d
- Daty biograficzne (NP)
- (1937- ).
-
- e
- Określenie rodzaju współpracy
- Redakcja
-
|
|
700 -Hasło dodatkowe - nazwa osobowa [1, ]
|
-
- a
- Nazwa osobowa (NP)
- Solon, Jerzy
-
- d
- Daty biograficzne (NP)
- (1954- ).
-
- e
- Określenie rodzaju współpracy
- Redakcja
-
|
|
700 -Hasło dodatkowe - nazwa osobowa [1, ]
|
-
- a
- Nazwa osobowa (NP)
- Macias, Andrzej.
-
- e
- Określenie rodzaju współpracy
- Redakcja
-
|
|
700 -Hasło dodatkowe - nazwa osobowa [1, ]
|
-
- a
- Nazwa osobowa (NP)
- Balon, Jarosław
-
- d
- Daty biograficzne (NP)
- (1957- ).
-
- e
- Określenie rodzaju współpracy
- Redakcja
-
|
|
700 -Hasło dodatkowe - nazwa osobowa [1, ]
|
-
- a
- Nazwa osobowa (NP)
- Borzyszkowski, Jan.
-
- e
- Określenie rodzaju współpracy
- Redakcja
-
|
|
700 -Hasło dodatkowe - nazwa osobowa [1, ]
|
-
- a
- Nazwa osobowa (NP)
- Kistowski, Mariusz
-
- d
- Daty biograficzne (NP)
- (1963- ).
-
- e
- Określenie rodzaju współpracy
- Redakcja
-
|
|
710 -Hasło dodatkowe - nazwa ciała zbiorowego [2, ]
|
-
- a
- Nazwa ciała zbiorowego lub nazwa geograficzna jako pierwszy element (NP)
- Bogucki Wydawnictwo Naukowe.
-
- e
- Rodzaj współpracy
- Wydawca
-
-
|